00562nam a2200145Ia 4500999001700000082002500017100001800042245005700060260001800117300001000135500010900145710002900254942000700283952012600290 c14474d14474 aRR 016.3092309678 GE aMaro, Paul S. 0aGeography of Tanzania's development : A Bibliography an.p.bn.p.c0 a120p. aSpecial Number of the Journal of the Geographical Association of Tanzania No.21/22 Dec. 1981 - June 1982 aMaro, Valeries R. jt. au cBK 00104070aNASSDOCbNASSDOCd2004-10-08i2004-10-22l0oRR 016.3092309678 GEp23872r2019-04-18 00:00:00w2019-04-18yBK